Culture Générale - Série 2584 - Statistiques

Statistiques générales
  • Ce quiz a été pris 83 fois
  • Le résultat moyen est 4 sur 10
Statistiques - réponses
Question Réponse % Correct
La Fête à Neuneu revient au Bois de -------, du 2 septembre au 16 octobre 2022 Boulogne
84%
Le roi d'Alfred Jarry Ubu
67%
De quel souverain Hercule nettoya-t-il les écuries ? Augias
60%
Chef élu de l'ancienne république de Venise (ou de Gênes) doge
57%
Quel prénom féminin peut qualifier la robe d'un cheval ? Isabelle
53%
Cheval de guerre ou de tournois, associé aux chevaliers du Moyen Âge destrier
36%
Mauvais acteur ou Personne qui cherche à se faire remarquer par des manières affectées - 7 lettres commençant par "c" cabotin
23%
Délicat-gracile-grêle : 5 lettres commençant par "f" fluet
20%
Dans la Bible, c'est l'Enfer et au sens figuré "Torture ; souffrance intolérable" - 7 lettres commençant par "g" géhenne
12%
Disposer les premiers éléments de (une intrigue) - 6 lettres commençant par "o) ourdir
5%
Aucun quiz correspondant
Distribution des résultats
% des personnes avec chaque résultat
Percentile par nombre de réponses
Votre historique - résultats
Vous n’avez pas pris ce quiz